000 01006cam a2200301 4500
001 J3277
008 090401t1968 xxu||||| |||| 00| 0 eng d
035 _a(Sirsi) u54049
041 _aeng
050 _a693.97
110 _aMinistry of Public Building and Works
_9592
245 _aDecisions affecting design of five point blocks: a study carried out by the Architectural Research Unit, Department of Architecture, University of Edinburgh.
260 _aLondon
_bMinistry of Public Building and Works
_c1968
300 _aviii,68p. : ill. ; 30cm.
350 _a0
490 _aR & D Paper
650 _aBUILT ENVIRONMENT-CONSTRUCTION DESIGN
650 _aFIVE POINT BLOCKS
650 _aFLATS
650 _aHIGH RISE BUILDINGS
650 _aINDUSTRIALISED BUILDINGS
650 _aTOWER BLOCKS
650 _aURBAN RENEWAL
690 _aBUILT ENVIRONMENT-CONSTRUCTION DESIGN
710 _aUniversity of Edinburgh Department of Architecture
_93091
942 _n0
948 _c04/03/1997
999 _c93407
_d93407